Дело по отношению канцелярии господина министра о разрешении нового периодического издания "Детский собеседник"

Доступно только в Электронных читальных залах Найти на картеНа карте
RUSMARC
00003711nmc2a22000003x 450
0011dd6662b-2390-49aa-9599-a8274f207b85
00520180119124633.0
100##$a20151215l18251825k l0rusy0189 ca
1010#$arus
102##$aRU
2001#$aДело по отношению канцелярии господина министра о разрешении нового периодического издания "Детский собеседник"
$j7 октября 1825 г.
251##$cДело
300##$aДело
801#0$aRU
$bРГИА
$c20151215
$gRCR
801#1$aRU
$bГлавНИВЦ
$c20151215
$2rusmarc
801#2$aRU
$bПБ им. Б.Н. Ельцина
$c20180119
$gRCR
$2rusmarc
850##$aРГИА
852##$aРГИА
$eФедеральное казенное учреждение "Российский государственный исторический архив" (РГИА)
$j552
937##$hРГИА
$d12187319
$aASBIBLIO_SCAN
462#0$1001a72b6b5a-b506-4d67-873a-f622b4f5e56d
$12001
$aДела Департамента народного просвещения по цензурной части
$1251
$cОпись
$1852
$j118
461#0$1001a74412a3-3cc5-4d21-8f0a-dfe2fbd9e72d
$12001
$aДепартамент народного просвещения Министерства народного просвещения (1803-1917)
$1251
$cФонд
$1852
$j733
215##$a6 л.
$d36,5х26 см
371##$aДокумент не является опубликованным и широко распространяемым
105##$ay###
1222#$ad
035##$a1dd6662b-2390-49aa-9599-a8274f207b85
856##$uhttp://readingroom.main.prlib.ru/item.aspx?id_node=n112548409&mode=full
Формат отображения